[Event "NAYCC U18 w"]
[Site "Kingston CAN"]
[Date "2025.08.18"]
[Round "2.2"]
[White "Fei, Irene Jiao"]
[Black "Yang, Aimee"]
[Result "1/2-1/2"]
[WhiteElo "1859"]
[BlackElo "2065"]
[WhiteFideId "-1"]
[WhiteFideId "-1"]
[PlyCount "135"]
[GameId "2218012328472878"]
[EventDate "2025.08.18"]
[EventType "swiss"]
[EventRounds "9"]
[EventCountry "CAN"]

1. d4 Nf6 2. Nf3 g6 3. Bf4 Bg7 4. e3 d5 5. h3 O-O 6. Be2 c5 7. c3 Nc6 8. O-O e6 9. Nbd2 b6 10. a4 Bb7 11. a5 Nxa5 12. b4 cxb4 13. cxb4 Nc4 14. Nxc4 dxc4 15. Bxc4 b5 16. Bxb5 Nd5 17. Bg3 Qb6 18. Be2 Nc3 19. Qd2 Nxe2+ 20. Qxe2 Qxb4 21. Rfb1 Qe7 22. Ne5 Rfc8 23. Qb5 Bd5 24. Rc1 Qb7 25. Qxb7 Bxb7 26. Rxc8+ Bxc8 27. Nc6 Bb7 28. Na5 a6 29. Rc1 Rc8 30. Rxc8+ Bxc8 31. Kf1 Bf8 32. Ke2 Bd7 33. e4 Bb4 34. Bc7 Kf8 35. Ke3 Ke7 36. d5 Bc5+ 37. Kf3 Ba4 38. Nb7 Bb4 39. d6+ Kd7 40. Kf4 f6 41. Bb6 e5+ 42. Ke3 Bb5 43. Bc7 Bc6 44. Na5 Bxd6 45. Nxc6 Kxc6 46. Bd8 f5 47. exf5 gxf5 48. g4 fxg4 49. hxg4 Kd5 50. f3 Bc5+ 51. Kd3 Bb4 52. Bc7 a5 53. f4 e4+ 54. Kc2 a4 55. f5 a3 56. g5 e3 57. g6 hxg6 58. fxg6 e2 59. g7 e1=Q 60. g8=Q+ Kc5 61. Qg5+ Kc4 62. Qf4+ Kd5 63. Qf3+ Kc5 64. Bf4 a2 65. Qe3+ Qxe3 66. Bxe3+ Kc4 67. Kb2 a1=Q+ 68. Kxa1 1/2-1/2

[Event "NAYCC U18 w"]
[Site "Kingston CAN"]
[Date "2025.08.18"]
[Round "2.3"]
[White "Li, Sophie"]
[Black "Garcia Ortega, Natalia Belen"]
[Result "1-0"]
[WhiteElo "2021"]
[BlackElo "1892"]
[WhiteFideId "-1"]
[WhiteFideId "-1"]
[PlyCount "139"]
[GameId "2218014961149378"]
[EventDate "2025.08.18"]
[EventType "swiss"]
[EventRounds "9"]
[EventCountry "CAN"]

1. d4 d5 2. c4 e6 3. Nc3 Nf6 4. cxd5 exd5 5. Bg5 c6 6. e3 Nbd7 7. Bd3 Be7 8. Nf3 h6 9. Bh4 O-O 10. Qc2 Re8 11. O-O Ne4 12. Bxe7 Qxe7 13. Rab1 Rb8 14. b4 b6 15. Rfc1 Bb7 16. Qa4 Nd6 17. Nd2 Rec8 18. e4 dxe4 19. Ncxe4 c5 20. Nxd6 Qxd6 21. bxc5 Nxc5 22. dxc5 Qxd3 23. Nf1 Rxc5 24. Qxa7 Rbc8 25. Rxc5 Qxb1 26. Rxc8+ Bxc8 27. Qb8 Qc2 28. Qxb6 Be6 29. a3 Bc4 30. Qd8+ Kh7 31. Ne3 Qc1+ 32. Qd1 Qxd1+ 33. Nxd1 Kg6 34. f3 Kf6 35. Kf2 Ke5 36. Ke3 Kd5 37. Nc3+ Kc5 38. Na4+ Kb5 39. Nb2 Be6 40. Kd4 h5 41. h4 f6 42. Nd3 Bf7 43. Nc5 Bg8 44. g3 Ba2 45. Ne4 Bg8 46. Nd6+ Ka4 47. Ne8 g6 48. Nxf6 Bb3 49. Ke5 Bd1 50. Kf4 Kxa3 51. Kg5 Bxf3 52. Kxg6 Kb4 53. Nxh5 Kc5 54. Nf6 Bd1 55. h5 Kd6 56. h6 Bc2+ 57. Kg7 Ke5 58. h7 Bxh7 59. Kxh7 Kxf6 60. Kh6 Kf5 61. Kh5 Kf6 62. g4 Kf7 63. Kh6 Kg8 64. Kg6 Kh8 65. Kf7 Kh7 66. g5 Kh8 67. Kg6 Kg8 68. Kh6 Kh8 69. g6 Kg8 70. g7 1-0

[Event "NAYCC U18 w"]
[Site "Kingston CAN"]
[Date "2025.08.18"]
[Round "2.4"]
[White "Xie, Irene"]
[Black "Zhong, April Yunwei"]
[Result "0-1"]
[WhiteElo "1977"]
[BlackElo "1879"]
[WhiteFideId "-1"]
[WhiteFideId "-1"]
[PlyCount "82"]
[GameId "2218040487040461"]
[EventDate "2025.08.18"]
[EventType "swiss"]
[EventRounds "9"]
[EventCountry "CAN"]

1. e4 e6 2. d4 d5 3. Nd2 c5 4. exd5 Qxd5 5. Ngf3 cxd4 6. Bc4 Qd6 7. O-O Nf6 8. Nb3 Nc6 9. Nbxd4 Nxd4 10. Nxd4 Bd7 11. c3 Be7 12. Qf3 Qc7 13. Bb3 O-O 14. Bf4 Qb6 15. Be5 a5 16. a4 Rfd8 17. Bc2 Rac8 18. Nb3 Bc6 19. Qg3 Rd5 20. Rfe1 Be8 21. Qh3 h6 22. Re3 Rc4 23. Bd4 Rdxd4 24. Nxd4 Rxd4 25. cxd4 Qxb2 26. Rf1 Qxc2 27. Rc3 Qxa4 28. Rc7 Qb4 29. Rfc1 Bc6 30. Rc8+ Kh7 31. Qd3+ g6 32. Ra1 Qd6 33. Qc3 Qd5 34. f3 Qf5 35. Rc1 Bb4 36. Qc4 Bd6 37. Ra8 Qf4 38. Rxa5 Qxh2+ 39. Kf1 Bg3 40. Ra3 Qh1+ 41. Ke2 Qxg2+ 0-1

[Event "NAYCC U18 w"]
[Site "Kingston CAN"]
[Date "2025.08.18"]
[Round "2.5"]
[White "Geillon-Barral, Roween"]
[Black "Kaur, Aradh"]
[Result "0-1"]
[WhiteElo "1416"]
[BlackElo "1919"]
[WhiteFideId "-1"]
[WhiteFideId "-1"]
[PlyCount "112"]
[GameId "2218044582331861"]
[EventDate "2025.08.18"]
[EventType "swiss"]
[EventRounds "9"]
[EventCountry "CAN"]

1. e4 e5 2. Nf3 Nc6 3. Bc4 Nf6 4. d3 Be7 5. c3 O-O 6. Nbd2 d5 7. Bb3 Bg4 8. h3 Be6 9. O-O dxe4 10. Nxe4 Bxb3 11. axb3 Nd5 12. Re1 Qd7 13. Ng3 f6 14. d4 exd4 15. Nxd4 Nxd4 16. Qxd4 Rae8 17. Rd1 Rd8 18. c4 Nb6 19. Qxd7 Nxd7 20. Bf4 Nc5 21. Rxd8 Rxd8 22. Rxa7 Rd1+ 23. Kh2 Nd3 24. Bxc7 Nxf2 25. Rxb7 Rd7 26. Rb8+ Kf7 27. Bf4 g5 28. Be3 Bd6 29. Rb5 Ne4 30. Rd5 Bxg3+ 31. Kg1 Rxd5 32. cxd5 Be5 33. b4 Bxb2 34. b5 Ba3 35. b6 Bc5 36. Bxc5 Nxc5 37. Kf2 f5 38. Ke3 Ke7 39. Kd4 Kd6 40. g3 Nd7 41. b7 Kc7 42. b8=Q+ Kxb8 43. d6 Kc8 44. Kd5 Kd8 45. g4 f4 46. Ke4 Nc5+ 47. Kf3 Kd7 48. Ke2 Kxd6 49. Kf3 Ke5 50. Ke2 Ke4 51. Kf2 f3 52. Kf1 Ke3 53. Ke1 f2+ 54. Kf1 Kf3 55. h4 Ne4 56. hxg5 Nd2# 0-1

[Event "NAYCC U18 w"]
[Site "Kingston CAN"]
[Date "2025.08.18"]
[Round "2.6"]
[White "Qian, Ashley"]
[Black "Gomez Camara, Sofia"]
[Result "1-0"]
[WhiteElo "2135"]
[BlackElo "1840"]
[WhiteFideId "-1"]
[WhiteFideId "-1"]
[PlyCount "109"]
[GameId "2218054090503648"]
[EventDate "2025.08.18"]
[EventType "swiss"]
[EventRounds "9"]
[EventCountry "CAN"]

1. e4 d5 2. exd5 Nf6 3. Nf3 Nxd5 4. d4 Bg4 5. Bd3 e6 6. O-O Be7 7. c3 O-O 8. Nbd2 c5 9. Qc2 Nf6 10. dxc5 Bxc5 11. Ne5 Qc7 12. Nxg4 Nxg4 13. Nf3 h6 14. h3 Nf6 15. Re1 Nd5 16. Ne5 Nd7 17. Nxd7 Qxd7 18. Qe2 Rad8 19. Bc2 Qc7 20. Qe4 Nf6 21. Qf3 Rd5 22. Bf4 Qe7 23. Rad1 Rfd8 24. Rxd5 Nxd5 25. Be5 Bd6 26. Bd4 b6 27. Ra1 Qg5 28. Qe4 Nf6 29. Qf3 Qf4 30. Qxf4 Bxf4 31. Re1 Nd5 32. g3 Bg5 33. f4 Bf6 34. Bf2 Kf8 35. Kg2 g6 36. a4 Ke7 37. Ra1 Nc7 38. Be3 Nd5 39. Bf2 Nc7 40. Be1 a5 41. Kf3 Na6 42. Ke2 Nc5 43. Bf2 Kd6 44. Rb1 e5 45. b4 axb4 46. cxb4 Nd7 47. fxe5+ Bxe5 48. Kf1 Kc7 49. Be4 f5 50. Bf3 Re8 51. a5 Bd6 52. axb6+ Kb8 53. Ra1 Re4 54. Bxe4 fxe4 55. Rd1 1-0

[Event "NAYCC U18 w"]
[Site "Kingston CAN"]
[Date "2025.08.18"]
[Round "2.7"]
[White "Chovanec, Alice"]
[Black "Qiu, Laurie"]
[Result "0-1"]
[WhiteElo "1813"]
[BlackElo "1986"]
[WhiteFideId "-1"]
[WhiteFideId "-1"]
[PlyCount "150"]
[GameId "2218086871963112"]
[EventDate "2025.08.18"]
[EventType "swiss"]
[EventRounds "9"]
[EventCountry "CAN"]

1. d4 d5 2. c4 e6 3. Nc3 Nf6 4. cxd5 exd5 5. Bg5 c6 6. e3 h6 7. Bh4 Be7 8. Bd3 O-O 9. Qc2 Re8 10. Nge2 Nbd7 11. O-O a5 12. f3 b5 13. Rae1 Ba6 14. Nc1 Qb6 15. Bf2 c5 16. dxc5 Bxc5 17. e4 d4 18. N3e2 a4 19. Qb1 Qd6 20. Rd1 Ne5 21. Bc2 Nc6 22. Nd3 b4 23. Ng3 g6 24. Rfe1 Bxd3 25. Bxd3 Ne5 26. Ne2 Qb6 27. Nf4 Rad8 28. Kh1 Kg7 29. Bf1 Re7 30. Nd3 Nxd3 31. Bxd3 Bd6 32. Bc2 b3 33. Bxd4 bxc2 34. Qxc2 Qc7 35. Qxa4 Be5 36. Bxe5 Rxe5 37. Rxd8 Qxd8 38. Rd1 Qb6 39. Qd4 Qa5 40. h3 Re6 41. a3 Kh7 42. Rc1 Nh5 43. Rc8 Qe1+ 44. Kh2 Qg3+ 45. Kg1 Ng7 46. Qf2 Qe5 47. Rc5 Qb8 48. b4 Ra6 49. Rc3 Ne6 50. Qe3 Qg3 51. Qd2 Nf4 52. Qa2 Qe1+ 53. Kh2 Qxc3 54. Qxf7+ Qg7 55. Qxf4 Rxa3 56. b5 Qb7 57. b6 Rb3 58. e5 Rxb6 59. Qd4 Rb4 60. Qd6 Rb5 61. Qf6 Qg7 62. Qxg7+ Kxg7 63. f4 g5 64. fxg5 hxg5 65. Kg3 Rxe5 66. Kf3 Kg6 67. Kg3 Kf5 68. Kf3 Ra5 69. Kg3 Ra3+ 70. Kh2 g4 71. hxg4+ Kxg4 72. g3 Rxg3 73. Kh1 Kf3 74. Kh2 Kf2 75. Kh1 Rh3# 0-1

[Event "NAYCC U18 w"]
[Site "Kingston CAN"]
[Date "2025.08.18"]
[Round "2.8"]
[White "Vikas, Hema"]
[Black "Koop, Alison Emily"]
[Result "1-0"]
[WhiteElo "1878"]
[BlackElo "1797"]
[WhiteFideId "-1"]
[WhiteFideId "-1"]
[PlyCount "121"]
[GameId "2218089753183728"]
[EventDate "2025.08.18"]
[EventType "swiss"]
[EventRounds "9"]
[EventCountry "CAN"]

1. e4 c5 2. Nf3 Nc6 3. Nc3 g6 4. d4 cxd4 5. Nxd4 Bg7 6. Be3 d6 7. Qd2 h5 8. f3 Nf6 9. Bc4 Bd7 10. O-O O-O 11. a3 Kh7 12. Nxc6 bxc6 13. Rad1 Qc7 14. Kh1 Rab8 15. Bg5 Bc8 16. f4 Nxe4 17. Nxe4 d5 18. f5 Bxf5 19. Nc5 dxc4 20. Na6 Qb7 21. Nxb8 Rxb8 22. Qf2 Qa6 23. c3 Qb5 24. Bc1 a6 25. Qh4 Bf6 26. Qf2 Be6 27. Rfe1 Bd5 28. Qg3 Rb7 29. Re2 Be6 30. Rd8 Bd5 31. Qf4 Bg7 32. Re8 e6 33. h3 Qb3 34. Qd2 Rd7 35. Kh2 Qb7 36. Qf4 Rc7 37. Qd6 Rd7 38. Qb8 Qb5 39. Qc8 Rb7 40. Bf4 Qb6 41. h4 Ra7 42. Rg8 f6 43. Rd8 c5 44. Rd7 Rxd7 45. Qxd7 Qb5 46. Qc7 a5 47. Bd6 Qe8 48. Qxa5 f5 49. Qxc5 Qd8 50. Qc7 Qxh4+ 51. Kg1 Qg5 52. Be5 Qc1+ 53. Kh2 Qh6 54. a4 Kg8 55. Qxg7+ Qxg7 56. Bxg7 Kxg7 57. Re5 Bc6 58. a5 Kf7 59. a6 Ke7 60. a7 Kd6 61. Rb5 1-0

[Event "NAYCC U18 w"]
[Site "Kingston CAN"]
[Date "2025.08.18"]
[Round "2.9"]
[White "Nguyen, Nghi Ngoc Phuong"]
[Black "Wang, Lilian"]
[Result "1/2-1/2"]
[WhiteElo "1767"]
[BlackElo "1865"]
[WhiteFideId "-1"]
[WhiteFideId "-1"]
[PlyCount "76"]
[GameId "2218093192300027"]
[EventDate "2025.08.18"]
[EventType "swiss"]
[EventRounds "9"]
[EventCountry "CAN"]

1. d4 d5 2. Nf3 Nf6 3. g3 e6 4. Bg2 c5 5. O-O Nc6 6. c4 Be7 7. cxd5 exd5 8. Nc3 O-O 9. dxc5 Bxc5 10. Bg5 d4 11. Bxf6 Qxf6 12. Ne4 Qe7 13. Nxc5 Qxc5 14. Rc1 Qb6 15. Qd2 Be6 16. b3 h6 17. Rfd1 Rfd8 18. Qf4 Rac8 19. Rd2 Rd7 20. Ne5 Rdd8 21. Rcd1 Nxe5 22. Qxe5 Rd7 23. Be4 Rcd8 24. e3 f6 25. Qh5 Kf8 26. exd4 Rxd4 27. Rxd4 Rxd4 28. Rxd4 Qxd4 29. Bxb7 Qa1+ 30. Kg2 Qxa2 31. Bc6 Bf7 32. Qf5 Qa6 33. Qd7 g6 34. b4 Qb6 35. Qd6+ Kg7 36. h4 h5 37. b5 Qa5 38. Qe7 Qa2 1/2-1/2

[Event "NAYCC U18 w"]
[Site "Kingston CAN"]
[Date "2025.08.19"]
[Round "3.1"]
[White "Su, Jasmine Zhixin"]
[Black "Kaur, Aradh"]
[Result "1-0"]
[WhiteElo "2254"]
[BlackElo "1919"]
[WhiteFideId "-1"]
[WhiteFideId "-1"]
[PlyCount "73"]
[GameId "2218120929971234"]
[EventDate "2025.08.18"]
[EventType "swiss"]
[EventRounds "9"]
[EventCountry "CAN"]

1. e4 e5 2. Nf3 Nc6 3. Bc4 Nf6 4. d3 Be7 5. O-O O-O 6. Nc3 d6 7. a4 Re8 8. Re1 h6 9. a5 a6 10. h3 Bf8 11. d4 exd4 12. Nxd4 Ne5 13. Bf1 Bd7 14. Bf4 c5 15. Nf5 Bc6 16. f3 Qd7 17. Ne3 Rac8 18. Bh2 Qd8 19. Qd2 Ng6 20. Red1 Rc7 21. Nc4 Re6 22. Qf2 Ne8 23. Nb6 Qc8 24. Bc4 Re5 25. Bxe5 dxe5 26. Rd2 Nd6 27. Rad1 Nxc4 28. Rd8 Qxd8 29. Rxd8 Nxb6 30. axb6 Rd7 31. Rxd7 Bxd7 32. Qd2 Bc6 33. Qd8 Kh7 34. Nd5 f6 35. Qc7 Kg8 36. Ne3 Ne7 37. Nc4 1-0

[Event "NAYCC U18 w"]
[Site "Kingston CAN"]
[Date "2025.08.19"]
[Round "3.2"]
[White "Zhong, April Yunwei"]
[Black "Li, Sophie"]
[Result "1/2-1/2"]
[WhiteElo "1879"]
[BlackElo "2021"]
[WhiteFideId "-1"]
[WhiteFideId "-1"]
[PlyCount "75"]
[GameId "2218130954263594"]
[EventDate "2025.08.18"]
[EventType "swiss"]
[EventRounds "9"]
[EventCountry "CAN"]

1. e4 c5 2. Nf3 e6 3. c3 d5 4. exd5 Qxd5 5. d4 Nf6 6. Na3 a6 7. Nc4 Nbd7 8. Be2 b5 9. Ne3 Qc6 10. O-O Be7 11. a4 Bb7 12. Qb3 c4 13. Qc2 O-O 14. b3 cxb3 15. Qxb3 Ne4 16. Bb2 Nd6 17. Rfb1 Rab8 18. Ba3 bxa4 19. Qc2 Rfc8 20. c4 Bf6 21. Rd1 Qc7 22. Bxd6 Qxd6 23. c5 Qc6 24. Nc4 e5 25. Na5 Qc7 26. Nxb7 Qxb7 27. dxe5 Rxc5 28. Qxa4 Nxe5 29. Nxe5 Rxe5 30. Bf3 Qe7 31. Qxa6 Re8 32. Rab1 Re6 33. Qc4 Re1+ 34. Rxe1 Qxe1+ 35. Rxe1 Rxe1+ 36. Qf1 Rxf1+ 37. Kxf1 Kf8 38. Ke2 1/2-1/2

[Event "NAYCC U18 w"]
[Site "Kingston CAN"]
[Date "2025.08.19"]
[Round "3.3"]
[White "Yang, Aimee"]
[Black "Qian, Ashley"]
[Result "1-0"]
[WhiteElo "2065"]
[BlackElo "2135"]
[WhiteFideId "-1"]
[WhiteFideId "-1"]
[PlyCount "117"]
[GameId "2218133624572978"]
[EventDate "2025.08.18"]
[EventType "swiss"]
[EventRounds "9"]
[EventCountry "CAN"]

1. d4 Nf6 2. c4 e6 3. Nc3 Bb4 4. e3 O-O 5. Bd2 d5 6. Nf3 Re8 7. Rc1 a6 8. c5 Nc6 9. a3 Bxc3 10. Bxc3 Ne4 11. Be2 e5 12. dxe5 Nxc5 13. O-O Ne4 14. Bd4 Bg4 15. Qc2 Qe7 16. Rfd1 Rad8 17. b4 Rd7 18. Qb2 Nd8 19. Ne1 Bf5 20. f3 Ng5 21. Bc5 Qe6 22. h4 Nh3+ 23. gxh3 Qh6 24. Bf1 Qxh4 25. Qf2 Qh5 26. Nd3 Bxh3 27. Qg3 Bxf1 28. Kxf1 Nc6 29. Bd4 Qh6 30. Kf2 Nxd4 31. exd4 f6 32. f4 fxe5 33. Nxe5 Rde7 34. Rh1 Qb6 35. Qd3 h6 36. Rcg1 Re6 37. Ke3 Rf6 38. Rg4 Re7 39. Rhg1 a5 40. Qd2 Qb5 41. Qg2 Rff7 42. Kd2 Qb6 43. f5 Qf6 44. Nxf7 Rxf7 45. Qxd5 Kh8 46. Qe6 Qxe6 47. fxe6 Re7 48. Rg6 axb4 49. axb4 c6 50. Ke3 Re8 51. Ke4 b5 52. Ke5 h5 53. Kd6 Rd8+ 54. Kc7 Rxd4 55. Rxg7 Rxb4 56. R7g5 Rh4 57. e7 Kh7 58. Rg7+ Kh6 59. R1g6# 1-0

[Event "NAYCC U18 w"]
[Site "Kingston CAN"]
[Date "2025.08.19"]
[Round "3.4"]
[White "Xie, Irene"]
[Black "Fei, Irene Jiao"]
[Result "1-0"]
[WhiteElo "1977"]
[BlackElo "1859"]
[WhiteFideId "-1"]
[WhiteFideId "-1"]
[PlyCount "79"]
[GameId "2218328681450554"]
[EventDate "2025.08.18"]
[EventType "swiss"]
[EventRounds "9"]
[EventCountry "CAN"]

1. e4 c6 2. d4 d5 3. Nd2 dxe4 4. Nxe4 Nf6 5. Nxf6+ exf6 6. c3 Bd6 7. Bd3 O-O 8. Qc2 Re8+ 9. Ne2 h5 10. Be3 Nd7 11. O-O-O Nf8 12. c4 Be6 13. Nc3 Rc8 14. Kb1 a6 15. c5 Bb8 16. Be4 Qe7 17. h3 Bc7 18. g4 h4 19. f3 Bd5 20. Bf2 Bxe4 21. fxe4 Ng6 22. d5 Ba5 23. d6 Qd7 24. Ne2 b6 25. Qa4 Rb8 26. Nc1 Qd8 27. Nb3 Qd7 28. Rc1 Re5 29. Nd4 Rxc5 30. Nxc6 Rxc1+ 31. Rxc1 Ne5 32. Ne7+ Kf8 33. Qxd7 Nxd7 34. Nc6 Rc8 35. b4 Ne5 36. Nxe5 Rxc1+ 37. Kxc1 Bxb4 38. d7 Ba3+ 39. Kc2 Ke7 40. Bxb6 1-0

[Event "NAYCC U18 w"]
[Site "Kingston CAN"]
[Date "2025.08.19"]
[Round "3.5"]
[White "Qiu, Laurie"]
[Black "Geillon-Barral, Roween"]
[Result "1-0"]
[WhiteElo "1986"]
[BlackElo "1416"]
[WhiteFideId "-1"]
[WhiteFideId "-1"]
[PlyCount "129"]
[GameId "2218330364038210"]
[EventDate "2025.08.18"]
[EventType "swiss"]
[EventRounds "9"]
[EventCountry "CAN"]

1. e4 d5 2. exd5 Qxd5 3. Nc3 Qa5 4. d4 Nf6 5. Nf3 c6 6. Bc4 h6 7. O-O Bf5 8. Bf4 Nbd7 9. a3 e6 10. b4 Qd8 11. Re1 Be7 12. h3 O-O 13. Qd2 Nh7 14. Ne4 Bxe4 15. Rxe4 Ndf6 16. Ree1 Nd5 17. Bg3 Ng5 18. Ne5 Nb6 19. Bd3 Nd7 20. Nc4 Nb6 21. Na5 Qc8 22. c3 Nd5 23. Bc2 Rd8 24. Nc4 Nh7 25. Ne5 Bf6 26. Nxf7 Kxf7 27. Bxh7 Nxc3 28. Qxc3 Bxd4 29. Qf3+ Bf6 30. Qh5+ Kf8 31. Be5 Rd5 32. Qf3 Ke7 33. Bxf6+ gxf6 34. Bf5 Rd6 35. Qg4 Qg8 36. Qxg8 Rxg8 37. Bg4 Rg7 38. Rad1 Rxd1 39. Rxd1 Rg5 40. Re1 f5 41. f4 Rg8 42. Bxf5 Rh8 43. Rxe6+ Kd8 44. g4 Kc7 45. g5 hxg5 46. fxg5 Kb6 47. g6 Rg8 48. Re7 a6 49. g7 Rd8 50. Be6 Rd1+ 51. Kf2 Rd2+ 52. Ke3 Rd8 53. g8=Q Rxg8 54. Bxg8 Ka7 55. h4 Kb6 56. h5 Ka7 57. h6 Kb6 58. h7 Ka7 59. h8=Q Kb6 60. Qd4+ Kb5 61. Re5+ Ka4 62. b5+ Kxa3 63. Qc3+ Ka4 64. Qb3+ Ka5 65. b6+ 1-0

[Event "NAYCC U18 w"]
[Site "Kingston CAN"]
[Date "2025.08.19"]
[Round "3.6"]
[White "Garcia Ortega, Natalia Belen"]
[Black "Ruchinskaya, Valerie"]
[Result "0-1"]
[WhiteElo "1892"]
[BlackElo "1898"]
[WhiteFideId "-1"]
[WhiteFideId "-1"]
[PlyCount "102"]
[GameId "2218332842122314"]
[EventDate "2025.08.18"]
[EventType "swiss"]
[EventRounds "9"]
[EventCountry "CAN"]

1. d4 Nf6 2. c4 e6 3. Nf3 b6 4. g3 Ba6 5. Qc2 Bb7 6. Bg2 c5 7. d5 exd5 8. cxd5 Nxd5 9. O-O Nc6 10. a3 Be7 11. e4 Nc7 12. Nc3 O-O 13. Bf4 Ne6 14. Rad1 Ncd4 15. Nxd4 Nxd4 16. Qd2 Bc6 17. Nd5 Bxd5 18. exd5 d6 19. b4 Re8 20. bxc5 bxc5 21. Rfe1 Rb8 22. Rb1 Qd7 23. h4 Bf6 24. Rxb8 Rxb8 25. Qa5 h6 26. Qd2 c4 27. Kh1 Rc8 28. Be4 c3 29. Qc1 Qh3+ 30. Kg1 Re8 31. Bg2 Qd7 32. Be4 Qb5 33. Kg2 Ne2 34. Qe3 Nxf4+ 35. Qxf4 Be5 36. Qf5 g6 37. Qg4 Bg7 38. Rb1 Qc4 39. Rb4 Qc7 40. Bc2 Qa5 41. Kh2 Qxd5 42. Qd7 Re1 43. Rb8+ Kh7 44. Bxg6+ fxg6 45. g4 Rh1+ 46. Kg3 Rg1+ 47. Kf4 Qd4+ 48. Kf3 Rf1 49. Rh8+ Kxh8 50. Qe8+ Kh7 51. Qe2 Rxf2+ 0-1

[Event "NAYCC U18 w"]
[Site "Kingston CAN"]
[Date "2025.08.19"]
[Round "3.7"]
[White "Wang, Lilian"]
[Black "Vikas, Hema"]
[Result "1/2-1/2"]
[WhiteElo "1865"]
[BlackElo "1878"]
[WhiteFideId "-1"]
[WhiteFideId "-1"]
[PlyCount "84"]
[GameId "2218336155845565"]
[EventDate "2025.08.18"]
[EventType "swiss"]
[EventRounds "9"]
[EventCountry "CAN"]

1. e4 c5 2. Nf3 d6 3. d4 cxd4 4. Nxd4 Nf6 5. f3 Nc6 6. c4 g6 7. Be3 h5 8. Nc3 Bd7 9. Qd2 Nxd4 10. Bxd4 Bh6 11. Qf2 Qa5 12. Bxf6 exf6 13. Rd1 Be6 14. Rxd6 Bf4 15. Rd1 Be5 16. Qd2 Bxc3 17. Qxc3 Qxc3+ 18. bxc3 Rc8 19. Rb1 b6 20. Kd2 Ke7 21. Be2 Rhd8+ 22. Ke3 Bxc4 23. Bxc4 Rxc4 24. Rhc1 Rdc8 25. Rb3 R8c5 26. a3 b5 27. Kd3 a6 28. Rb4 h4 29. Rxc4 Rxc4 30. Rb1 Ke6 31. Rb4 Rc5 32. c4 h3 33. gxh3 Rh5 34. cxb5 axb5 35. Ke3 Kd6 36. a4 bxa4 37. Rxa4 Rxh3 38. Ra6+ Ke7 39. Ra7+ Kf8 40. Ra2 g5 41. Rg2 Ke7 42. e5 fxe5 1/2-1/2

[Event "NAYCC U18 w"]
[Site "Kingston CAN"]
[Date "2025.08.19"]
[Round "3.8"]
[White "Gomez Camara, Sofia"]
[Black "Nguyen, Nghi Ngoc Phuong"]
[Result "0-1"]
[WhiteElo "1840"]
[BlackElo "1767"]
[WhiteFideId "-1"]
[WhiteFideId "-1"]
[PlyCount "76"]
[GameId "2218337648964549"]
[EventDate "2025.08.18"]
[EventType "swiss"]
[EventRounds "9"]
[EventCountry "CAN"]

1. e4 c5 2. Nf3 a6 3. c3 d5 4. exd5 Qxd5 5. Be2 Nc6 6. h3 e5 7. O-O Nf6 8. Re1 Be7 9. d3 O-O 10. Be3 Rd8 11. Qd2 b5 12. Na3 Bf5 13. Red1 Qe6 14. Qe1 Nd5 15. Bc1 Qg6 16. Kh2 Nb6 17. Qf1 Rd7 18. g4 Be6 19. Nc2 c4 20. Ne3 Rad8 21. dxc4 Rxd1 22. Bxd1 e4 23. Nd2 Nxc4 24. Ndxc4 bxc4 25. Be2 Ne5 26. Nxc4 Bxc4 27. Bxc4 Nf3+ 28. Kg2 h5 29. Bf4 hxg4 30. hxg4 Qxg4+ 31. Bg3 Rd2 32. Qh1 e3 33. Bxf7+ Kxf7 34. Rf1 e2 35. Rb1 Bh4 36. Qh3 Qxh3+ 37. Kxh3 Bxg3 38. Kxg3 Rd1 0-1

[Event "NAYCC U18 w"]
[Site "Kingston CAN"]
[Date "2025.08.19"]
[Round "3.9"]
[White "Koop, Alison Emily"]
[Black "Chovanec, Alice"]
[Result "0-1"]
[WhiteElo "1797"]
[BlackElo "1813"]
[WhiteFideId "-1"]
[WhiteFideId "-1"]
[PlyCount "56"]
[GameId "2218338890478541"]
[EventDate "2025.08.18"]
[EventType "swiss"]
[EventRounds "9"]
[EventCountry "CAN"]

1. d4 d5 2. c4 c6 3. Nf3 Nf6 4. e3 Bf5 5. Nc3 e6 6. Nh4 Be4 7. f3 Bg6 8. Qb3 Qc7 9. Bd2 Bd6 10. O-O-O dxc4 11. Bxc4 b5 12. Be2 a5 13. Nxg6 hxg6 14. g3 Nbd7 15. Kb1 O-O 16. e4 e5 17. dxe5 Bxe5 18. Be3 a4 19. Qc2 Qa5 20. Rc1 b4 21. Nd1 c5 22. f4 b3 23. axb3 axb3 24. Qxb3 Rfb8 25. Qd3 Bxb2 26. Nxb2 Rxb2+ 27. Kxb2 Qa2+ 28. Kc3 Ra3# 0-1

[Event "NAYCC U18 w"]
[Site "Kingston CAN"]
[Date "2025.08.20"]
[Round "4.1"]
[White "Su, Jasmine Zhixin"]
[Black "Zhong, April Yunwei"]
[Result "1-0"]
[WhiteElo "2254"]
[BlackElo "1879"]
[WhiteFideId "-1"]
[WhiteFideId "-1"]
[PlyCount "91"]
[GameId "2219424549770247"]
[EventDate "2025.08.18"]
[EventType "swiss"]
[EventRounds "9"]
[EventCountry "CAN"]

1. e4 c5 2. Nf3 d6 3. d4 cxd4 4. Nxd4 Nf6 5. Nc3 Nc6 6. Bg5 e6 7. Qd2 a6 8. O-O-O Bd7 9. Kb1 Be7 10. f3 Nxd4 11. Qxd4 Qc7 12. h4 b5 13. h5 h6 14. Be3 O-O 15. g4 Rfc8 16. Qd2 b4 17. Ne2 a5 18. Nd4 a4 19. Bd3 Qa5 20. Rdg1 Nh7 21. f4 a3 22. b3 e5 23. fxe5 Qxe5 24. Qh2 Qa5 25. Bc4 Rxc4 26. bxc4 Qc7 27. Qe2 Rc8 28. Nf5 Be6 29. Bd4 Bxc4 30. Qf2 Bf6 31. Rd1 Be6 32. Rh3 Ng5 33. Re3 Qc4 34. Rb3 Nxe4 35. Qg2 Bd5 36. Bxf6 gxf6 37. Ne7+ Kg7 38. Nxd5 Nc3+ 39. Nxc3 bxc3 40. Qf3 Rc5 41. Rxd6 f5 42. gxf5 Re5 43. f6+ Kf8 44. Qa8+ Re8 45. Qxe8+ Kxe8 46. Rb8+ 1-0

[Event "NAYCC U18 w"]
[Site "Kingston CAN"]
[Date "2025.08.20"]
[Round "4.2"]
[White "Li, Sophie"]
[Black "Yang, Aimee"]
[Result "1-0"]
[WhiteElo "2021"]
[BlackElo "2065"]
[WhiteFideId "-1"]
[WhiteFideId "-1"]
[PlyCount "129"]
[GameId "2218374803642378"]
[EventDate "2025.08.18"]
[EventType "swiss"]
[EventRounds "9"]
[EventCountry "CAN"]

1. e4 c5 2. d4 cxd4 3. Qxd4 Nc6 4. Qd3 Nf6 5. Nc3 d6 6. Nf3 g6 7. Be2 Bg7 8. O-O O-O 9. Nd5 Be6 10. c3 Rc8 11. Bg5 Qd7 12. Nxf6+ exf6 13. Bh4 d5 14. Rad1 Rfd8 15. Qb5 Ne7 16. Qxd7 Rxd7 17. Bb5 Rdc7 18. Bg3 Rc5 19. Nd4 Nc6 20. Nxc6 bxc6 21. Ba6 Rd8 22. Rfe1 Rd7 23. Bc8 Rd8 24. Bb7 Rd7 25. exd5 cxd5 26. Ba6 f5 27. f3 Kf8 28. Bf2 Ra5 29. Bc8 Re7 30. b4 Rxa2 31. Bc5 Bxc3 32. Bxe6 Bxe1 33. Rxe1 fxe6 34. Rxe6 Rc2 35. Bxe7+ Kf7 36. Re1 d4 37. Bc5 d3 38. Rd1 d2 39. Be3 Rc4 40. Bxd2 Rd4 41. Kf2 Rd7 42. Ke2 Re7+ 43. Kd3 Rd7+ 44. Kc2 Rc7+ 45. Bc3 h6 46. Rd6 Rb7 47. Rf6+ Kg8 48. Rxg6+ Kh7 49. Rf6 Rc7 50. Rxf5 Rd7 51. Rc5 Re7 52. Re5 Rc7 53. h4 Rd7 54. h5 Rc7 55. Re8 Rxc3+ 56. Kxc3 a6 57. Re7+ Kg8 58. Kd4 Kf8 59. Ra7 Kg8 60. Ke5 Kf8 61. Ke6 Kg8 62. Kf6 a5 63. bxa5 Kh8 64. Kg6 Kg8 65. Ra8# 1-0

[Event "NAYCC U18 w"]
[Site "Kingston CAN"]
[Date "2025.08.20"]
[Round "4.3"]
[White "Kaur, Aradh"]
[Black "Qiu, Laurie"]
[Result "0-1"]
[WhiteElo "1919"]
[BlackElo "1986"]
[WhiteFideId "-1"]
[WhiteFideId "-1"]
[PlyCount "120"]
[GameId "2218380183934994"]
[EventDate "2025.08.18"]
[EventType "swiss"]
[EventRounds "9"]
[EventCountry "CAN"]

1. e4 c5 2. Nf3 Nc6 3. Bb5 g6 4. Bxc6 dxc6 5. d3 Bg7 6. h3 b6 7. O-O Nf6 8. a4 Nd7 9. a5 b5 10. Re1 e5 11. Bg5 f6 12. Be3 O-O 13. Nbd2 Qe7 14. Nb3 c4 15. dxc4 bxc4 16. Nbd2 Ba6 17. Qe2 Nc5 18. b3 c3 19. Bxc5 Qxc5 20. Qxa6 cxd2 21. Nxd2 Qxc2 22. Red1 Rad8 23. Rac1 Qb2 24. Rb1 Qc3 25. Rbc1 Qb4 26. Rc4 Qb5 27. Qxc6 Qxc6 28. Rxc6 Bh6 29. Rc2 Rd4 30. Kf1 f5 31. Ke2 Rfd8 32. f3 a6 33. Ke1 Bf4 34. Ke2 Kg7 35. g3 Bxg3 36. exf5 Bf4 37. f6+ Kf7 38. Rc7+ Kf8 39. Rc2 R8d7 40. Rc8+ Kf7 41. Rc2 g5 42. Ke1 Kg6 43. Ke2 h5 44. b4 g4 45. fxg4 hxg4 46. hxg4 e4 47. f7 Rxf7 48. Rf1 Rxb4 49. Nc4 Kg5 50. Ne3 Rb5 51. Rc8 Rb2+ 52. Rc2 Rxc2+ 53. Nxc2 Rb7 54. Na3 Rb2+ 55. Kd1 Rd2+ 56. Ke1 e3 57. Rg1 Ra2 58. Nc2 Rxc2 59. Kd1 Ra2 60. Re1 Ra4 0-1